Music Quiz

Random Music or Lyrics Quiz

Zayn - lucozade lyric quiz Stats

 Plays Quiz not verified by Sporcle

Score 0/300 Timer 10:00
0 Plays Today
Answer % Correct
lucozade
98.3%
I'm
93.4%
I'm
93.4%
the
93.4%
and
93.4%
I'm
93.4%
the
93.4%
and
93.4%
the
93.4%
the
93.4%
the
93.4%
I'm
93.4%
the
93.4%
and
93.4%
the
93.4%
and
93.4%
the
93.4%
the
93.4%
and
93.4%
the
93.4%
and
93.4%
I'm
93.4%
the
93.4%
a
93.4%
the
93.4%
the
93.4%
I'm
93.4%
I'm
93.4%
the
93.4%
I'm
93.4%
the
93.4%
the
93.4%
the
93.4%
sipping
91.7%
pink
89.3%
on
86%
new
83.5%
in
83.5%
in
83.5%
in
83.5%
in
83.5%
in
83.5%
in
83.5%
in
83.5%
that
81%
that
81%
****
81%
that
81%
****
81%
that
81%
****
81%
that
81%
****
81%
that
81%
found
80.2%
it
80.2%
see
80.2%
it
80.2%
see
80.2%
it
80.2%
it
80.2%
see
80.2%
all
79.3%
all
79.3%
haze
77.7%
seeing
77.7%
right
77.7%
right
77.7%
seeing
77.7%
seeing
77.7%
blacks
76%
night
76%
you
76%
you
76%
you
76%
you
76%
you
76%
you
76%
sit
75.2%
make
75.2%
left
74.4%
talk
74.4%
blazing
73.6%
to
73.6%
for
73.6%
for
73.6%
to
73.6%
to
73.6%
to
73.6%
to
73.6%
to
73.6%
to
73.6%
to
73.6%
grays
71.9%
does
71.9%
just
71.9%
just
71.9%
hoping
71.1%
I
69.4%
this
69.4%
Answer % Correct
don't
69.4%
I
69.4%
this
69.4%
I
69.4%
I
69.4%
don't
69.4%
I
69.4%
I
69.4%
this
69.4%
I
69.4%
or
67.8%
your
67.8%
or
67.8%
we
67.8%
your
67.8%
know
66.1%
****
66.1%
****
66.1%
wanna
65.3%
wanna
65.3%
sways
63.6%
of
63.6%
be
63.6%
of
63.6%
be
63.6%
of
63.6%
basket
62.8%
even
62.8%
about
62.8%
about
62.8%
about
62.8%
even
62.8%
about
62.8%
things
62%
you're
60.3%
you're
60.3%
is
60.3%
you're
60.3%
you're
60.3%
is
60.3%
am
57.9%
too
57.9%
ain't
57.9%
ain't
57.9%
too
57.9%
ain't
57.9%
pain
57%
pain
57%
hear
56.2%
long
56.2%
bad
56.2%
movie
56.2%
wishing
55.4%
guy
55.4%
making
55.4%
fix
54.5%
far
54.5%
wrong
54.5%
far
54.5%
it's
53.7%
position
53.7%
fishing
53.7%
only
53.7%
solution
53.7%
it's
53.7%
it's
53.7%
got
52.1%
maybe
51.2%
quick
51.2%
confusing
51.2%
bright
50.4%
but
50.4%
but
50.4%
but
50.4%
but
50.4%
but
50.4%
but
50.4%
We're
48.8%
losin
48.8%
time
48.8%
my
48.8%
me
48.8%
me
48.8%
my
48.8%
my
48.8%
my
48.8%
breathe
47.9%
pollution
47.9%
choosin
47.9%
no
47.1%
can
47.1%
shine
46.3%
fear
45.5%
heals
45.5%
you've
45.5%
winning
43.8%
path
43.8%
house
43%
ambition
43%
who's
43%
Answer % Correct
not
43%
not
43%
out
42.1%
when
40.5%
take
40.5%
can't
38.8%
can't
38.8%
smoke
38%
will
38%
will
38%
headlines
37.2%
promotes
37.2%
won't
37.2%
are
36.4%
up
36.4%
reality
36.4%
up
36.4%
never
36.4%
never
36.4%
with
35.5%
eye
35.5%
scars
34.7%
scream
34.7%
her
34.7%
deer
33.9%
caught
33.9%
touch
33.9%
clarity
33.9%
words
33.9%
come
33.9%
mind
33.9%
bruising
33.1%
much
33.1%
gone
32.2%
getting
32.2%
losing
32.2%
smoking
32.2%
starting
32.2%
three
32.2%
you'll
31.4%
self-soothing
31.4%
they
31.4%
truth
31.4%
told
31.4%
takes
31.4%
takes
31.4%
gold
30.6%
nothing
30.6%
tryna
30.6%
elephant
30.6%
rings
29.8%
feelings
29.8%
bring
29.8%
sanity
29.8%
two
29.8%
search
29.8%
world
29.8%
chains
28.9%
fog
28.9%
em
28.9%
eyes
28.9%
perfume
28.9%
inside
28.1%
lack
28.1%
lies
28.1%
meant
28.1%
room
28.1%
looking
27.3%
she's
27.3%
consumes
27.3%
find
27.3%
watches
26.4%
begin
26.4%
smell
26.4%
still
25.6%
happened
25.6%
hope
25.6%
mouth
24.8%
disguise
24.8%
soon
24%
emotions
23.1%
here
23.1%
everything
23.1%
done
23.1%
bulls
22.3%
sad
22.3%
older
22.3%
anyway
22.3%
he's
22.3%
leaving
22.3%
day
21.5%
leave
21.5%
traveling
19%
these
18.2%
dot
18.2%
splattered
18.2%
pattern
17.4%
same
16.5%
spot
14%
started
9.9%

You're not logged in!

Compare scores with friends on all Sporcle quizzes.
OR
Log In

Sporcle TV

Today on Sporcle TV


Watch our educational content, quiz creation guides, and fun videos on Sporcle TV.

Show Comments

Extras

Top Quizzes Today


Score Distribution

Your Account Isn't Verified!

In order to create a playlist on Sporcle, you need to verify the email address you used during registration. Go to your Sporcle Settings to finish the process.

Report this User

Report this user for behavior that violates our Community Guidelines.

Details: